Statistiques concernant Le quiz des années 1990

Cliquez ici pour prendre le quiz!

Statistiques générales

  • Ce quiz a été pris 24 020 fois
  • Le résultat moyen est 17 sur 30

Statistiques - réponses

QuestionRéponse% Correct
Ancien président de la République française décédé le 8 janvier 1996François Mitterrand
82%
Moteur de recherche créé en 1998 par Larry Page et Sergey BrinGoogle
82%
Régime de ségrégation en Afrique du Sud aboli le 30 juin 1991L'apartheid
81%
Film de Jean-Marie Poiré sorti en 1993 où Godefroy de Montmirail et son serviteur Jacquouille sont propulsés en l'an 1992Les Visiteurs
79%
Pays dans lequel a eu lieu un génocide de la population des Tutsi en 1994Le Rwanda
78%
Dernier président de l'URSS avant sa dislocation en 1991Mikhaïl Gorbatchev
77%
Film de James Cameron sorti en 1997 qui est resté pendant 12 ans le plus grand succès de l'histoire du cinéma au box office mondialTitanic
75%
Ce que "danse" le groupe IAM d'après le titre d'une de leurs chansons en 1993Le Mia
74%
Firme japonaise qui a lancé la Playstation en 1994Sony
74%
Ville néerlandaise où a été signé le Traité fondateur de l'Union Européenne en 1992Maastricht
71%
Anglicisme désignant des groupes comme Alliage,G-Squad ou les 2Be3Boys band
70%
Pays annexé par l'Irak en août 1990 dont l'invasion sera à l'origine de la Guerre du GolfeLe Koweït
68%
Titre de Gloria Gaynor repris par le groupe Hermès House Band au début des années 90 devenu un symbole de la coupe du monde de football en 1998 en FranceI will survive
65%
Série TV américaine qui a révélé Will Smith au début des années 90Le Prince de Bel-Air
65%
Boxeur ayant mordu l'oreille d'Evander Holyfield dans un célèbre combat en 1997Mike Tyson
59%
Sélectionneur de l'Équipe de France championne du monde le 12 juillet 1998Aimé Jacquet
58%
Pilote de Formule 1 brésilien décédé à la suite d'un accident lors du Grand Prix de Saint-Marin en 1994Ayrton Senna
58%
Prénom de l'enfant-star pour qui c'est "dur dur d'être bébé" dans un tube de 1992Jordy
51%
Chanson au succès mondial du groupe espagnol Los del Río en 1993Macarena
50%
Unique buteur du match opposant l'Olympique de Marseille à l'AC Milan le 26 mai 1993, permettant à l'OM de devenir le premier club français à remporter la Ligue des championsBasile Boli
49%
Émission de télévision française pour la jeunesse qui diffusait des dessins animés, des séries télévisées, des sitcoms et divers jeux jusqu'à son arrêt en 1997Le Club Dorothée
46%
Animal de compagnie virtuel créé par la société japonaise Bandai en 1996Le Tamagotchi
45%
Ville où se sont déroulés les Jeux Olympiques d'hiver de 1992Albertville
42%
Téléscope spatial développé par la NASA et opérationnel depuis 1990Hubble
42%
Petite rondelle de carton qui était très populaire dans les cours d'écoles à la fin des années 1990Le Pog
40%
Seule athlète française à être devenue triple championne olympique après ses victoires sur 400 m en 1992 et 1996 et sur 200 m en 1996Marie-José Pérec
37%
Groupe italien d'eurodance auteur du succès Blue (Da Ba Dee) en 1998Eiffel 65
36%
Extraterrestre bleu qui accompagnait Vincent Lagaf' dans la présentation du jeu Le Bigdil, créé en 1998Bill
32%
Présentatrice du jeu Qui est qui ? diffusé quotidiennement sur France 2 à partir de janvier 1996Marie-Ange Nardi
18%
Nom du premier téléphone portable destiné au grand public créé par France Télécom et commercialisé à partir de 1991Le Bi-Bop
7%

Distribution des résultats

Percentile par nombre de réponses

% des personnes avec chaque résultat

Votre développement - résultats

Vous n’avez pas pris ce quiz